Wörter rückwärts #1 - Statistiken

Allgemein
  • Dieses Quiz wurde 176 mal gespielt
  • Das Durchschnittsergebnis liegt bei 14 aus 15
Antwortstatistiken
rückwärts Antwort % Korrekt
Dneba Abend
100%
Ebagba Abgabe
100%
Esserda Adresse
100%
Negla Algen
100%
Gnafna Anfang
100%
Legna Angel
100%
Tsgna Angst
100%
Rekna Anker
100%
Furna Anruf
100%
Lefpa Apfel
100%
Dnabmra Armband
100%
Tsa Ast
100%
Kitnalta Atlantik
100%
Egua Auge
100%
Noitkua Auktion
100%
Gnulletssua Ausstellung
100%
Otua Auto
100%
Ennawedab Badewanne
100%
Reggab Bagger
100%
Etteugab Baguette
100%
Noklab Balkon
100%
Llab Ball
100%
Räb Bär
100%
Rab Bar
100%
Hcuab Bauch
100%
Nizneb Benzin
100%
Greb Berg
100%
Neseb Besen
100%
Dlib Bild
100%
Gnudlib Bildung
100%
Enrib Birne
100%
Esalb Blase
100%
Rettälb Blätter
100%
Ztilb Blitz
100%
Emulb Blume
100%
Tulb Blut
100%
Kcob Bock
100%
Nedob Boden
100%
Negob Bogen
100%
Toob Boot
100%
Dnarb Brand
100%
Leipstterb Brettspiel
100%
Feirb Brief
100%
Feirb Brief
100%
Nehctörb Brötchen
100%
Ekcürb Brücke
100%
Redurb Bruder
100%
Turb Brut
100%
Lekcub Buckel
100%
Sub Bus
100%
Fehc Chef
100%
Nwolc Clown
100%
Bulc Club
100%
Emerc Creme
100%
Renitamlad Dalmatiner
100%
Emad Dame
100%
Nemuad Daumen
100%
Nifled Delfin
100%
Dnalhcstued Deutschland
100%
Rebmezed Dezember
100%
Beid Dieb
100%
Molpid Diplom
100%
Ldnrid Dirndl
100%
Nehcard Drachen
100%
Regnüd Dünger
100%
Tkeffe Effekt
100%
Uarfehe Ehefrau
100%
Nnamehe Ehemann
100%
Tnafele Elefant
100%
Kinortkele Elektronik
100%
Dnalgne England
100%
Etne Ente
100%
Ssundre Erdnuss
100%
Nesse Essen
100%
Orue Euro
100%
Aporue Europa
100%
Retue Euter
100%
Kirbaf Fabrik
100%
Lhutsrhaf Fahrstuhl
100%
Llaf Fall
100%
Eilimaf Familie
100%
Ebraf Farbe
100%
Mraf Farm
100%
Reief Feier
100%
Dlef Feld
100%
Retsnef Fenster
100%
Neiref Ferien
100%
Rehesnref Fernseher
100%
Reuef Feuer
100%
Rebeif Fieber
100%
Amrif Firma
100%
Kcelf Fleck
100%
Holf Floh
100%
Guezgulf Flugzeug
100%
Tiekgissülf Flüssigkeit
100%
Uarf Frau
100%
Tiezierf Freizeit
100%
Ednuerf Freunde
100%
Nedeirf Frieden
100%
Fohdeirf Friedhof
100%
Eebsirf Frisbee
100%
Hcsorf Frosch
100%
Kcütshürf Frühstück
100%
Shcuf Fuchs
100%
Llabßuf Fußball
100%
Snag Gans
100%
Netrag Garten
100%
Trubeg Geburt
100%
Rhafeg Gefahr
100%
Tlaheg Gehalt
100%
Tsieg Geist
100%
Dleg Geld
100%
Noitareneg Generation
100%
Täreg Gerät
100%
Etsreg Gerste
100%
Knehcseg Geschenk
100%
Thciseg Gesicht
100%
Tiehdnuseg Gesundheit
100%
Edierteg Getreide
100%
Tlaweg Gewalt
100%
Tfig Gift
100%
Effarig Giraffe
100%
Nebualg Glauben
100%
Flog Golf
100%
ẞurg Gruß
100%
Nhah Hahn
100%
Nekah Haken
100%
Slah Hals
100%
Remmah Hammer
100%
Retsmah Hamster
100%
Dnah Hand
100%
Huhcsdnah Handschuh
100%
Dnatsdnah Handstand
100%
Hcutdnah Handtuch
100%
Tdatstpuah Hauptstadt
100%
Suah Haus
100%
Reitsuah Haustier
100%
Gietefeh Hefeteig
100%
Mieh Heim
100%
Tarieh Heirat
100%
Tsbreh Herbst
100%
Lemmih Himmel
100%
Eztih Hitze
100%
Zloh Holz
100%
Esoh Hose
100%
Letoh Hotel
100%
Nesiefuh Hufeisen
100%
Lemmuh Hummel
100%
Dnuh Hund
100%
Nakirruh Hurrikan
100%
Eedi Idee
100%
Noitkefni Infektion
100%
Tkesni Insekt
100%
Lesni Insel
100%
Lebuj Jubel
100%
Dneguj Jugend
100%
Uarfgnuj Jungfrau
100%
Eeffak Kaffee
100%
Resiak Kaiser
100%
Etläk Kälte
100%
Nehcninak Kaninchen
100%
Enonak Kanone
100%
Kibirak Karibik
100%
Netrak Karten
100%
Notrak Karton
100%
Einatsak Kastanie
100%
Eztak Katze
100%
Eppauqluak Kaulquappe
100%
Ezrek Kerze
100%
Puhctek Ketchup
100%
Ettek Kette
100%
Dnik Kind
100%
Netragrednik Kindergarten
100%
Negawrednik Kinderwagen
100%
Etsik Kiste
100%
Nettomalk Klamotten
100%
Gnudielk Kleidung
100%
Legnilk Klingel
100%
Hcualbonk Knoblauch
100%
Nehconk Knochen
100%
Ssunsokok Kokosnuss
100%
Temok Komet
100%
Ginök König
100%
Niginök Königin
100%
Tnenitnok Kontinent
100%
Otnok Konto
100%
Ellortnok Kontrolle
100%
Fpok Kopf
100%
Reröhfpok Kopfhörer
100%
Brok Korb
100%
Renrök Körner
100%
Rutkerrok Korrektur
100%
Kitemsok Kosmetik
100%
Tfark Kraft
100%
Ettawark Krawatte
100%
Tiderk Kredit
100%
Sierk Kreis
100%
Geirk Krieg
100%
Enork Krone
100%
Leguk Kugel
100%
Rutluk Kultur
100%
Reltsnük Künstler
100%
Sibrük Kürbis
100%
Etsük Küste
100%
Triwdnal Landwirt
100%
Ossal Lasso
100%
Ereel Leere
100%
Eniel Leine
100%
Gnutsiel Leistung
100%
Retiel Leiter
100%
Thcil Licht
100%
Ebeil Liebe
100%
Deil Lied
100%
Egeil Liege
100%
Neppil Lippen
100%
Egül Lüge
100%
Reigam Magier
100%
Tiezlham Mahlzeit
100%
Nnam Mann
100%
Nehcräm Märchen
100%
Tkram Markt
100%
Eßam Maße
100%
Ehtam Mathe
100%
Reuam Mauer
100%
Suam Maus
100%
Nizidem Medizin
100%
Lhem Mehl
100%
Ressem Messer
100%
Retem Meter
100%
Regztem Metzger
100%
Elleworkim Mikrowelle
100%
Etunim Minute
100%
Dieltim Mitleid
100%
Gattim Mittag
100%
Edom Mode
100%
Dnom Mond
100%
Retsnom Monster
100%
Ewöm Möwe
100%
Eimum Mumie
100%
Dnum Mund
100%
Kisum Musik
100%
Thcirhcan Nachricht
100%
Thcan Nacht
100%
Ledan Nadel
100%
Eman Name
100%
Esan Nase
100%
Tsen Nest
100%
Nledun Nudeln
100%
Remmun Nummer
100%
Tsbo Obst
100%
Rebotko Oktober
100%
Nretso Ostern
100%
Raap Paar
100%
Tekap Paket
100%
Tsalap Palast
100%
Emlap Palme
100%
Krap Park
100%
Efiefp Pfeife
100%
Liefp Pfeil
100%
Zlip Pilz
100%
Tarip Pirat
100%
Azzip Pizza
100%
Tenalp Planet
100%
Ztalp Platz
100%
Kitilop Politik
100%
Znirp Prinz
100%
Melborp Problem
100%
Tknup Punkt
100%
Eppup Puppe
100%
Etup Pute
100%
Mlauq Qualm
100%
Elleuq Quelle
100%
Ziuq Quiz
100%
Neznar Ranzen
100%
Hcuar Rauch
100%
Epuar Raupe
100%
Xelfer Reflex
100%
Esier Reise
100%
Netier Reiten
100%
Tnaruatser Restaurant
100%
Noitulover Revolution
100%
Rettir Ritter
100%
Ebbor Robbe
100%
Retobor Roboter
100%
Kcor Rock
100%
Lhutsllor Rollstuhl
100%
Esor Rose
100%
Etteluor Roulette
100%
Ednur Runde
100%
Ehcstur Rutsche
100%
Egäs Säge
100%
Dnas Sand
100%
Ztas Satz
100%
Ztahcs Schatz
100%
Lekuahcs Schaukel
100%
Zrehcs Scherz
100%
Ffihcs Schiff
100%
Etörkdlihcs Schildkröte
100%
Lemmihcs Schimmel
100%
Galhcs Schlag
100%
Nettilhcs Schlitten
100%
Lessülhcs Schlüssel
100%
Nnameenhcs Schneemann
100%
Redienhcs Schneider
100%
Nefpunhcs Schnupfen
100%
Knarhcs Schrank
100%
ierhcs Schrei
100%
Enihcsambierhcs Schreibmaschine
100%
Retluhcs Schulter
100%
Lessühcs Schüssel
100%
Nawhcs Schwan
100%
Lefewhcs Schwefel
100%
Retsewhcs Schwester
100%
Nemmiwhcs Schwimmen
100%
Elees Seele
100%
Efies Seife
100%
Fnes Senf
100%
Lesses Sessel
100%
Neiribis Sibirien
100%
Geis Sieg
100%
Retsevlis Silvester
100%
Ztis Sitz
100%
iks Ski
100%
Emulbnennos Sonnenblume
100%
Gnutlaps Spaltung
100%
Releips Spieler
100%
Ennips Spinne
100%
Trops Sport
100%
Noidats Stadion
100%
Eutats Statue
100%
Tiezniets Steinzeit
100%
Nrets Stern
100%
Lefeits Stiefel
100%
Efarts Strafe
100%
Dnarts Strand
100%
Lhuts Stuhl
100%
Mruts Sturm
100%
Ehcus Suche
100%
Tkramrepus Supermarkt
100%
Metsys System
100%
Tnelat Talent
100%
Knat Tank
100%
Znat Tanz
100%
Maet Team
100%
Eet Tee
100%
Giet Teig
100%
Nofelet Telefon
100%
Lefuet Teufel
100%
Txet Text
100%
Regit Tiger
100%
Rethcot Tochter
100%
Dot Tod
100%
Etteliot Toilette
100%
Rotkart Traktor
100%
Gnunnert Trennung
100%
Neknirt Trinken
100%
Nefport Tropfen
100%
Hcut Tuch
100%
Eplut Tulpe
100%
Etüt Tüte
100%
Pyt Typ
100%
Nehcliev Veilchen
100%
Dnabrev Verband
100%
Gnubolrev Verlobung
100%
Oediv Video
100%
Legov Vogel
100%
Klov Volk
100%
Nedaw Waden
100%
Lhaw Wahl
100%
Tiehrhaw Wahrheit
100%
Dlaw Wald
100%
Emräw Wärme
100%
Nethcanhiew Weihnachten
100%
Niew Wein
100%
Tlew Welt
100%
Llatlew Weltall
100%
Eseiw Wiese
100%
Regnikiw Wikinger
100%
Ledniw Windel
100%
Gnunhow Wohnung
100%
Eklow Wolke
100%
Kcarw Wrack
100%
Etsüw Wüste
100%
Arbez Zebra
100%
Tiez Zeit
100%
Lettez Zettel
100%
Singuez Zeugnis
100%
Etteragiz Zigarette
100%
Remmiz Zimmer
100%
Sukriz Zirkus
100%
Eibmoz Zombie
100%
Thcuz Zucht
100%
Rekcuz Zucker
100%
Guz Zug
100%
Esuahuz Zuhause
100%
Egnuz Zunge
100%
Grewz Zwerg
100%
Lebeiwz Zwiebel
100%
Rednilyz Zylinder
100%
Gnutläkre Erkältung
91%
Fpoknetot Totenkopf
91%
Noitarepo Operation
90%
Nekcür Rücken
90%
Ehcow Woche
90%
Spihc Chips
89%
Oidar Radio
89%
Nhab Bahn
88%
Rethcid Dichter
88%
Rettiweg Gewitter
88%
Eniwal Lawine
88%
Rehcuar Raucher
88%
Ettalpllahcs Schallplatte
88%
Eluhcs Schule
88%
Terkes Sekret
88%
Muiduts Studium
88%
Bualru Urlaub
88%
Gnutlawrev Verwaltung
88%
Mmargotua Autogramm
86%
Tnamaid Diamant
86%
Eshce Echse
86%
Trednuhrhaj Jahrhundert
86%
Rabhcan Nachbar
86%
Lesnip Pinsel
86%
Nhos Sohn
86%
Ebmob Bombe
83%
Egarf Frage
83%
Tiehierf Freiheit
83%
Dlog Gold
83%
Ffirg Griff
83%
Ssunlesah Haselnuss
83%
Etfüh Hüfte
83%
Snaej Jeans
83%
Fpmak Kampf
83%
Nrok Korn
83%
Suahneknark Krankenhaus
83%
Regal Lager
83%
Drefp Pferd
83%
Nisseznirp Prinzessin
83%
Mmawhcs Schwamm
83%
Muart Traum
83%
Nehcal Lachen
82%
Guzna Anzug
80%
Tkramuab Baumarkt
80%
Ellirb Brille
80%
Grub Burg
80%
Rohc Chor
80%
Nretle Eltern
80%
Gniltpuäh Häuptling
80%
Dnal Land
80%
Reebrol Lorbeer
80%
Ledom Model
80%
Noitinum Munition
80%
Eton Note
80%
Ytrap Party
80%
Oarahp Pharao
80%
Kcaskcur Rucksack
80%
Neshcas Sachsen
80%
Falhcs Schlaf
80%
Ednukes Sekunde
80%
Afos Sofa
80%
Legeips Spiegel
80%
Ehcarps Sprache
80%
Tset Test
80%
Nimativ Vitamin
80%
Tzra Arzt
75%
Hcsub Busch
75%
Retupmoc Computer
75%
Hcsif Fisch
75%
Kcütsdnurg Grundstück
75%
Tfeh Heft
75%
Onisak Kasino
75%
Remmalk Klammer
75%
Knarhcslhük Kühlschrank
75%
Nollabtful Luftballon
75%
Elliadem Medaille
75%
Neidem Medien
75%
Remmos Sommer
75%
Ybboh Hobby
73%
Siam Mais
73%
Lhatslede Edelstahl
71%
Muartbla Albtraum
67%
Knab Bank
67%
Nilreb Berlin
67%
Thard Draht
67%
Russerd Dressur
67%
Gnuzieh Heizung
67%
Neidni Indien
67%
Nehcztälp Plätzchen
60%
Ennos Sonne
60%
Hcuseb Besuch
50%
Hcurbnie Einbruch
50%
Ruesirf Friseur
50%
Tfahcsrreh Herrschaft
50%
Edalokohcs Schokolade
50%
Eimonortsa Astronomie
0%
Esröb Börse
0%
Fuaknie Einkauf
0%
Redef Feder
0%
Kinhcet Technik
0%
Mruw Wurm
0%
Keine übereinstimmenden Quizze gefunden
Verteilung der Resultate
Anzahl Personen mit jedem Resultat
Perzentil nach korrekt beantworteten Fragen
Ihre Resultats-Entwicklung
Sie haben dieses Quiz noch nicht gespielt